000 00640nam a2200241Ia 4500
003 OSt
005 20221006151815.0
006 a|||||r|||| 00| 0
007 ta
008 221006b |||||||| |||| 00| 0 eng d
020 _c150.00
024 _a23,436
037 _cTextual
040 _aEASL
_cEASL
_beng
041 _2eng
_aeng
100 _aHOUTART F
_9660042
245 0 _aGreat Asiatic religions and their social functions
260 _aNew Delhi
_bD. K. Agencies
_c1984
300 _a226p.
_ccm.
700 _a LEMERCINIER G
_9660043
942 _cTEXL
_2CC
999 _c1091522
_d1091522